<?xml version="1.0" encoding="UTF-8"?>
<marc:record xmlns:marc="http://www.loc.gov/MARC21/slim">
   <marc:leader>00000nam a2200000 a 4500</marc:leader>
   <marc:datafield ind1=" " ind2=" " tag="653">
      <marc:subfield code="a">Andrea</marc:subfield>
   </marc:datafield>
   <marc:datafield ind1=" " ind2=" " tag="653">
      <marc:subfield code="a">Cassette</marc:subfield>
   </marc:datafield>
   <marc:datafield ind1=" " ind2=" " tag="653">
      <marc:subfield code="a">CD</marc:subfield>
   </marc:datafield>
   <marc:datafield ind1="0" ind2="0" tag="245">
      <marc:subfield code="a">Il commissario Montalbano e la lettera anonima</marc:subfield>
   </marc:datafield>
   <marc:datafield ind1="0" ind2="0" tag="245">
      <marc:subfield code="c">Andrea Camilleri. Sprecher: Marco Montemarano</marc:subfield>
   </marc:datafield>
   <marc:datafield ind1=" " ind2="1" tag="264">
      <marc:subfield code="a">München</marc:subfield>
      <marc:subfield code="b">Digital Publishing</marc:subfield>
      <marc:subfield code="c">2004</marc:subfield>
   </marc:datafield>
   <marc:datafield ind1="1" ind2=" " tag="520">
      <marc:subfield code="a">Italienisch lernen mit Andrea Camilleri:..... Unter dem Motto &gt;Hören&gt;Lesen&gt;Sprachen lernen verbinden die "Interaktiven Hörbücher" dabei das Angenehme mit dem Nützlichen: Erstmals können Leser/Hörer/Lerner Texte von bekannten zeitgenössischen Autoren hören und lesen und dabei ihre Fremdsprachenkenntnisse festigen. Die "Interaktiven Hörbücher" sind Medienpakete aus einer Audio CD, einem Textbuch, einer CD-ROM und MP3-Daten zur Nutzung des Hörbuches auf MP3-Playern. Mit der Audio CD können Hörer "ganz klassisch" die Lesung des Originaltextes hören. Zum leichteren Verständnis finden sie ein Textbuch anbei. Wer schließlich richtig mit dem Text arbeiten will, benutzt die CD-ROM am PC: auf dem Bildschirm wird automatisch der gerade gesprochene Text markiert, schwierige Wörter lassen sich übersetzen, und die stufenlose Einstellung der Sprechgeschwindigkeit hilft, auch die schwierigeren Passagen zu verstehen. Audio CD, Textbuch, CD-ROM</marc:subfield>
   </marc:datafield>
   <marc:datafield ind1=" " ind2=" " tag="020">
      <marc:subfield code="a">9783897473492</marc:subfield>
      <marc:subfield code="9">9783897473492</marc:subfield>
   </marc:datafield>
   <marc:datafield ind1=" " ind2=" " tag="041">
      <marc:subfield code="a">ita</marc:subfield>
   </marc:datafield>
   <marc:datafield ind1=" " ind2=" " tag="300">
      <marc:subfield code="a">1 CD</marc:subfield>
   </marc:datafield>
</marc:record>
